000 00387nam a2200133Ia 4500
005 20260328101516.0
008 260328s9999||||xx |||||||||||||| ||und||
100 _aDrew, Jane B.
245 0 _aVillage housing in the tropics :
_b With special reference to West Africa /
_cJane B. Drew
260 _bLund Humphries
300 _a134 p.
650 _aVIVIENDA DE INTERÉS SOCIAL
942 _cBK
999 _c9377
_d9377